Champions of Freedom the Ludwig von Mises Lecture series: Fritz Machlup, Arthur Shenfield, Roger W. Jepsen, Tom Bethell, Frank E. Fortkamp, Jude Wanniski

Guardado en:
Detalles Bibliográficos
Otros Autores: Andrews, John
Formato: Libro
Lenguaje:inglés
Publicado: Hillsdale College Press 1982
Edición:1. ed.
Materias:
Etiquetas: Agregar Etiqueta
Sin Etiquetas, Sea el primero en etiquetar este registro!

MARC

LEADER 00000nam a2200000 4500
001 c002851
005 20221221074612.0
041 0 |a eng 
044 |a US 
245 1 0 |a Champions of Freedom the Ludwig von Mises Lecture series: Fritz Machlup, Arthur Shenfield, Roger W. Jepsen, Tom Bethell, Frank E. Fortkamp, Jude Wanniski  |c Edit. John Andrews 
250 |a 1. ed. 
264 1 |a Hillsdale  |b College Press  |c 1982 
300 |a 100 s. 
610 2 0 |a Mises, L. 
610 2 0 |a ekonómia 
610 2 0 |a kapitalizmus 
610 2 0 |a etika 
610 2 0 |a Reagan, R.W. 
610 2 0 |a Stockman 
610 2 0 |a ekonómia 
610 2 0 |a ponuka 
610 2 0 |a sloboda 
700 1 |a Andrews, John